Sports Quiz

Random Sports or NFL Quiz

NFL Rookie of the Year (Defense) Quiz Stats

 Plays Quiz Updated Feb 2, 2019

Score 0/52 Timer 10:00
0 Plays Today
Year Player % Correct
2011Von Miller
73.4%
2010Ndamukong Suh
71.3%
2016Joey Bosa
66.1%
2007Patrick Willis
62.4%
2012Luke Kuechly
62%
2017Marshon Lattimore
61.4%
2018Darius Leonard
60.5%
2000Brian Urlacher
59.9%
2014Aaron Donald
59.3%
1981Lawrence Taylor
53.3%
1970Bruce Taylor
53%
2009Brian Cushing
51.8%
2003Terrell Suggs
51%
2015Marcus Peters
50.3%
2005Shawne Merriman
45.9%
2002Julius Peppers
45.8%
2008Jerod Mayo
42%
1989Derrick Thomas
41.7%
2013Sheldon Richardson
40.3%
1998Charles Woodson
37.1%
1980Buddy Curry and Al Richardson
31.8%
1999Jevon Kearse
31.2%
1969Joe Greene
30.3%
2006DeMeco Ryans
27%
1974Jack Lambert
20.5%
2004Jonathan Vilma
15.7%
Year Player % Correct
1997Peter Boulware
12.2%
1993Dana Stubblefield
11.7%
1996Simeon Rice
10.2%
2001Kendrell Bell
10.2%
1976Mike Haynes
8.8%
1992Dale Carter
7.3%
1990Mark Carrier
6.3%
1986Leslie O'Neal
5.6%
1971Isiah Robertson
5.2%
1987Shane Conlan
5.2%
1967Lem Barney
5.1%
1977A.J. Duhe
4.6%
1995Hugh Douglas
4.3%
1968Claude Humphrey
4.1%
1982Chip Banks
4.1%
1978Al Baker
4%
1991Mike Croel
3.4%
1985Duane Bickett
3.2%
1975Robert Brazile
3.2%
1988Erik McMillan
2.7%
1994Tim Bowens
2.7%
1973Wally Chambers
2.6%
1979Jim Haslett
2.5%
1984Bill Maas
2.5%
1972Willie Buchanon
2.3%
1983Vernon Leroy Maxwell
1.8%

You're not logged in!

Compare scores with friends on all Sporcle quizzes.
OR
Log In

Sporcle TV

Today on Sporcle TV


Watch our educational content, quiz creation guides, and fun videos on Sporcle TV.

Show Comments

Extras

Top Quizzes Today


Score Distribution

Your Account Isn't Verified!

In order to create a playlist on Sporcle, you need to verify the email address you used during registration. Go to your Sporcle Settings to finish the process.

Report this User

Report this user for behavior that violates our Community Guidelines.

Details: